00464 2200169 4500001002100000005001500021035002000036007000300056008004100059020000600100082001000106084001400116245009500130250000600225260005100231300001200282INLIS00000000000219020260415025528 a0010-0426000021ta260415 g 0 ind  a- a636.5 a636.5 SNI aSNI 3148-4:2024 Pakan Konsentrat - Bagian 4: Ayam peterlur dara (layer grower concentrate) a- aJakarta :bBadan Standardisasi Nasional,c2024 a13 hlm.